Normal view
MARC view
- Bradley, Gerald L.,
Entry Personal Name
001 - CONTROL NUMBER
- control field: 34673
003 - CONTROL NUMBER IDENTIFIER
- control field: OSt
005 - DATE AND TIME OF LATEST TRANSACTION
- control field: 20131217150743.0
008 - FIXED-LENGTH DATA ELEMENTS
- fixed length control field: 131217|| aca||aabn | a|a d
040 ## - CATALOGING SOURCE
- Original cataloging agency: OSt
100 1# - HEADING--PERSONAL NAME
- Personal name: Bradley, Gerald L.,
- Dates associated with a name: 1940-